Londres después de medianoche /

Guardado en:
Bibliografiske detaljer
Hovedforfatter: Cruz García-Mora, Augusto (autor)
Format: Bog
Sprog:spansk
Udgivet: México : Océano, 2012, c2012
Serier:(La Puerta Negra)
Fag:
Tags: Tilføj Tag
Ingen Tags, Vær først til at tagge denne postø!

MARC

LEADER 00000nam^a2200000^a^4500
001 000327881
005 20250521000000.0
009 20260310113850.299
020 |a 978-607-400-765-7 
037 |a Acervo ITESO - Biblioteca 
041 |a ESP 
082 |a 863.  |b CRU 
100 |a Cruz García-Mora, Augusto  |e (autor) 
245 1 0 |a Londres después de medianoche /  |c A. Cruz García-Mora. 
264 4 |a México :  |b Océano,  |c 2012, c2012 
300 |a 309 p. 
336 |a texto  |b txt  |2 rdacontenido 
337 |a sin mediación  |b n  |2 rdamedio 
338 |a volumen  |b nc  |2 rdasoporte 
440 3 |a (La Puerta Negra) 
649 |a XX 
650 |a Novela Mexicana 
650 |a Literatura Mexicana -  |y Siglo XXI 
650 |a Literatura Policíaca y de Misterio -  |z México 
650 |a Vampiros en la Literatura 
650 |a Películas de Suspenso y Terror en la Literatura 
910 |a Fondo General 
920 |a Impresos - Libros 
930 |a Colección General 
940 |a Literatura 
905 |a 101 
901 |a 0500217291  |b IT1  |c LIT  |i C135275  |u 20250521 
902 |a https://opac.biblio.iteso.mx/vufind/Record/000327881